000 00763nam a2200253Ia 4500
003 OSt
005 20221005060944.0
006 a|||||r|||| 00| 0
007 ta
008 221004b |||||||| |||| 00| 0 eng d
020 _a9780415780148 (hbk)
_c6266.25
024 _a113738
037 _b33706, 29/12/2011, Segment Book Distributors
_cTextual
040 _aCRL
_cCRL
_beng
041 _2eng
_aeng
082 _aQ4vP1, Q2
100 _aMcMahan David L Ed.
_9600035
245 0 _aBuddhism in the modern world
260 _aLondon
_bRoutledge UK
_c2012
300 _axiv,329p.
_ccm.
650 _aRELIGION
942 _hQ4vP1, Q2
_cTEXL
_2cc
999 _c967495
_d967495